000 00238nam a22000857a 4500
008 161122b xxu||||| |||| 00| 0 eng d
100 _91325
_aGahlot. P
245 _aOxford Computer Science CBSE - XI
260 _aNew york
_bOxford University
_c2004
999 _c4037
_d4037